000 01067namaa2200313 a 4500
001 vtls001304103
003 NLI
005 20210627043930.0
008 120418s1985 dcub i000 0 eng
039 9 _y201204181931
_zVLOAD
040 0 _aNLI
_cVTLS-2012_FOD
_eAACR2
041 0 _aeng
044 _adcu
082 0 4 _a557.3
100 1 _aD'Agostino, John P.
_9726121
245 1 0 _aCassiterite Occurrence in the Shelby Area, North and South Carolina : /
_cJohn P. D'Agostino, and Jesse W. Whitlow
260 _aWashington :
_bUnited States Government Printing Office,
_c1985
300 _aiii, 14 p. :
_bmaps ;
_c23 cm.
490 1 _aUnited States Geological Survey Bulletin ;
_v1569
500 _aCover title
650 0 _aGeology
_xWashington Metropolitan Area
_zUnited States
_9721962
650 0 _aGeological surveys
_zUnited States
_9721963
700 1 _aWhitlow, Jesse W.
_4jt. aut
_9726122
887 _a
901 _aAD 65233
_b30.01.1986
902 _aU.S 557.3 D 134
949 _AVIRTUAITEM
_D10000
_X100
_6ADXX00065233ENG
942 _2ddc
_cBKS
999 _c596644
_d596644